Sports Quiz

Random Sports or Quick Pick Quiz

Get the Picture: Gianluigi Buffon or Manuel Neuer Quiz Stats

 Plays Quiz not verified by Sporcle

Support Sporcle.
Go Orange.
Score 0/12 Timer 04:00
0 Plays Today
Question Answer Wrong Answers
Represented Italy Gianluigi Buffon
96.7%
Manuel Neuer
1.8%
Played for Juventus Gianluigi Buffon
96.6%
Manuel Neuer
1.7%
Represented Germany Manuel Neuer
96.1%
Gianluigi Buffon
2%
Played for Bayern Munich Manuel Neuer
95.2%
Gianluigi Buffon
3.2%
Born in 1978 Gianluigi Buffon
93.5%
Manuel Neuer
4.6%
Won the 2014 FIFA World Cup Manuel Neuer
92.9%
Gianluigi Buffon
5.7%
Won the 2006 FIFA World Cup Gianluigi Buffon
92.6%
Manuel Neuer
5.8%
Born in 1986 Manuel Neuer
87.7%
Gianluigi Buffon
10.9%
Won a UEFA Champions League title Manuel Neuer
86.7%
Gianluigi Buffon
11.3%
Won a FIFA Club World Cup Manuel Neuer
77.8%
Gianluigi Buffon
20.4%
Is a 5x UEFA Team of the Year player Gianluigi Buffon
65.2%
Manuel Neuer
33.2%
Finished runner-up in a Ballon d'Or Gianluigi Buffon
49.8%
Manuel Neuer
48.9%

You're not logged in!

Compare scores with friends on all Sporcle quizzes.
OR
Log In

From the Vault

Mega-Sorting Gallery: Entertainment

by Chenchilla

It makes for a mega-entertaining quiz, trust us.
Remove Ads.
Support Sporcle.
Get the best of Sporcle when you Go Orange. This ad-free experience offers more features, more stats, and more fun while also helping to support Sporcle. Thank you for becoming a member.

Show Comments

Extras

Top Quizzes Today


Score Distribution

Your Account Isn't Verified!

In order to create a playlist on Sporcle, you need to verify the email address you used during registration. Go to your Sporcle Settings to finish the process.

Report this User

Report this user for behavior that violates our Community Guidelines.

Details: